[Event "Tabor op"]
[Site "Tabor"]
[Date "2010.08.01"]
[Round "1"]
[White "Juricek, Stanislav"]
[Black "Wasik, Jozef"]
[Result "1-0"]
[WhiteElo "2191"]
[BlackElo "1846"]
[PlyCount "103"]
[EventDate "2010.08.01"]
[EventType "swiss"]
[EventRounds "9"]
[EventCountry "CZE"]
[SourceTitle "EXT 2012"]
[Source "ChessBase"]
[SourceDate "2011.11.24"]
[SourceVersion "1"]
[SourceVersionDate "2011.11.24"]
[SourceQuality "1"]

1. c4 c6 2. Nf3 d5 3. b3 Nf6 4. Bb2 Bg4 5. d3 Bxf3 6. gxf3 Nbd7 7. f4 g6 8. e3 Bg7 9. Be2 0-0 10. Nd2 Qa5 11. 0-0 Rfe8 12. Nf3 dxc4 13. bxc4 Rad8 14. Qc2 Qh5 15. Rab1 b6 16. Kh1 Ng4 17. Bxg7 Kxg7 18. Kg2 Kg8 19. h3 Ngf6 20. Ne5 Qh4 21. Nxc6 Rc8 22. Nxa7 Rc5 23. d4 Ra5 24. Nb5 g5 25. fxg5 Qxg5+ 26. Kh2 Kh8 27. f4 Qh4 28. Bf3 Rea8 29. a3 Nf8 30. Qg2 Rc8 31. Rg1 Qh6 32. Qg5 Qxg5 33. fxg5 N6d7 34. Be2 Ne6 35. h4 h6 36. gxh6 Kh7 37. Rgc1 Kxh6 38. Bd3 Rg8 39. Rg1 Rxg1 40. Rxg1 Nf6 41. Kh3 Ra8 42. Be2 Ra4 43. Rc1 Ne4 44. Rc2 f5 45. Bf3 Nf6 46. Rc3 Ra5 47. Kg3 Kg6 48. Rb3 f4+ 49. exf4 Kf5 50. Re3 Ra4 51. Re5+ Kg6 52. f5+ 1-0

[Event "Augustow op"]
[Site "Augustow"]
[Date "2009.06.25"]
[Round "7.1"]
[White "Wasik, Jozef"]
[Black "Bandza, Algirdas S"]
[Result "1/2-1/2"]
[WhiteElo "1846"]
[BlackElo "2387"]
[PlyCount "24"]
[EventDate "2009.06.20"]
[EventType "swiss"]
[EventRounds "9"]
[EventCountry "POL"]
[SourceTitle "CBM 131 Extra"]
[Source "ChessBase"]
[SourceDate "2009.09.03"]
[SourceVersion "2"]
[SourceVersionDate "2009.09.16"]
[SourceQuality "1"]

1. d4 e6 2. g3 c5 3. Nf3 Nf6 4. Bg2 Qa5+ 5. Nbd2 cxd4 6. Nxd4 Nc6 7. Nxc6 bxc6 8. 0-0 d5 9. b3 Ba3 10. c4 Bxc1 11. Qxc1 0-0 12. e4 Ba6 1/2-1/2

[Event "Augustow op"]
[Site "Augustow"]
[Date "2009.06.21"]
[Round "2.2"]
[White "Wasik, Jozef"]
[Black "Usakovas, Jevgenijus"]
[Result "1/2-1/2"]
[WhiteElo "1846"]
[BlackElo "2165"]
[PlyCount "144"]
[EventDate "2009.06.20"]
[EventType "swiss"]
[EventRounds "9"]
[EventCountry "POL"]
[SourceTitle "CBM 131 Extra"]
[Source "ChessBase"]
[SourceDate "2009.09.03"]
[SourceVersion "2"]
[SourceVersionDate "2009.09.16"]
[SourceQuality "1"]

1. d4 Nf6 2. g3 d5 3. Bg2 c6 4. Nf3 Bf5 5. 0-0 h6 6. Re1 e6 7. b3 Nbd7 8. Bb2 Be7 9. c4 0-0 10. Nc3 Ne4 11. Nd2 Nxd2 12. Qxd2 Nf6 13. f3 Bg6 14. e4 dxe4 15. Nxe4 Qb6 16. Kh1 Rfd8 17. d5 Bxe4 18. fxe4 cxd5 19. exd5 Bb4 20. Qf4 Bxe1 21. Bxf6 e5 22. Bxe5 Qf2 23. Qg4 g6 24. Bd4 Qd2 25. Rd1 Qa5 26. Be4 Kh7 27. Qf3 Rd7 28. a3 Re8 29. Qf6 Rg8 30. Bf5 Rc7 31. d6 Qxf5 32. Qxf5 gxf5 33. dxc7 Ba5 34. Bxa7 Bxc7 35. Rd7 Rc8 36. c5 Kg6 37. Kg2 Bb8 38. Bxb8 Rxb8 39. Rd6+ f6 40. Rb6 Rc8 41. b4 Rc7 42. Kf3 Re7 43. a4 Rc7 44. a5 Rd7 45. c6 bxc6 46. Rxc6 Rd3+ 47. Kg2 Rb3 48. Rb6 Kg5 49. a6 Ra3 50. b5 h5 51. Rb7 f4 52. a7 Ra2+ 53. Kf3 Ra3+ 54. Ke4 f3 55. a8Q Rxa8 56. Kxf3 Ra4 57. Rg7+ Kh6 58. Rb7 Rb4 59. b6 Kg6 60. Rb8 h4 61. gxh4 f5 62. b7 Kh7 63. h5 Kg7 64. h6+ Kh7 65. h4 Rb6 66. Kf4 Rb5 67. h5 Rb1 68. Kxf5 Rf1+ 69. Ke4 Re1+ 70. Kd3 Rb1 71. Kc2 Rb6 72. Kc3 Rb1 1/2-1/2